000 00293nam a22001337a 4500
008 170930b xxu||||| |||| 00| 0 eng d
020 _a9780618691197
041 _aeng
080 _a37
100 _a47
101 _aEDU
245 _aPOCKET GUIDE TO APA STYLE
_cPERRIN, R
942 _2udc
_cBK
999 _c30931
_d30931